01217nam a22002777a 4500008004100000020001800041040004200059041000800101245022000109260004700329300001800376504004100394650005000435650005600485650003900541650003900580650005100619650003600670650004600706700002700752700005100779700001900830700002800849710003900877710002300916130821s2011 ck gr spa  a9789588438733 aCO-BoUCMbspacJavier GarzóndNuevo00aspa00aDecisiones judiciales Lubanga (D.R. Congo). Vencedores de Arauca (Colombia). Akayesu (Ruanda). Menéndez (Argentina). Rio Negro (Guatemala). Comentarios.cAndreas Forer ...[y otros autores.] ; compilado por Profis aBogotá (Colombia)bAlvi Impresoresc2011 a214 páginas aIncluye referencias bibliográficas aDelitos contra la humanidadvEstudio de casos aDerecho internacional humanitariovEstudio de casos aDerecho procesalxEstudio de casos aDerechos humanosvEstudio de casos 7aAdministración de justiciavEstudio de casos 7aDerecho penalvEstudio de casos 7aJurisprudencia procesalvEstudio de casos1 aBernal Acevedo, Gloria1 aCortés Sánchez, Edwin Mauricioecompilador1 aForer, Andreas1 aLlanos Sarmiento, Teddy2 aColombiabDefensoría del Pueblo 2 aProFisecompilador